Statistiques concernant Focus sur: Cuthbert Binns - Harry Potter

Cliquez ici pour prendre le quiz!

Statistiques générales

  • Ce quiz a été pris 214 fois
  • Le résultat moyen est 5 sur 5

Statistiques - réponses

Informations recherchéesRéponses% Correct
Statut du sangSang-Pur
100%
Première mentionHarry Potter à l'école des sorciers
97%
ProfessionProfesseur d'Histoire de la Magie
97%
Lieu de rencontre avec Harry PotterPoudlard
96%
EspèceFantôme
94%

Distribution des résultats

Percentile par nombre de réponses

% des personnes avec chaque résultat

Votre développement - résultats

Vous n’avez pas pris ce quiz